01295nam a2200349 i 450000500170000000700030001700800410002002000180006104000350007904100080011408400120012210000390013424500810017326400490025430000480030333600270035133700330037833800280041149000090043950000650044852100550051354500860056865000490065465000510070365000400075465000280079465000280082265000290085070000360087994200150091599900150093020220317002042.0ta201119s2017 ck a cr 000 pdspa d a9789584821164 aCO-BoRNBPbspaerdacCO-BoRNBP0 aspa aP JIM111 aJiménez Cardozo, Nataliaeautora10aRío dormidocNatalia Jiménez Cardozo ; ilustraciones de Pegatina Criolla 1aBogotábNidobTyrannus Melancholicusc2017 a70 páginasbilustraciones a color c17 cm 2rdacontentatextobtxt 2rdamediaasin mediaciónbn 2rdacarrieravolumenbnc0 aNido aPegatina Criolla es seudónimo de Luis Eduardo Rodríguez  aRecomendado para un público mayor de 12 años  aIncluye datos biográficos de la autora e ilustrador al inicio y final del texto172LEMBaPoesía juvenil colombianaySiglo XXI172LEMBaLiteratura juvenil colombianaySiglo XXI172LEMBaPoetas colombianosySiglo XXI172LEMBaFamiliavPoesía172LEMBaAbuelosvPoesía172LEMBaSueñosvPoesía1 aPegatina Criollaeautor9169932 2loccBKLIT c9021d9021